Central Library OPAC University of Rajshahi

Beyond the sociology of development : (Record no. 2045)

MARC details
000 -LEADER
fixed length control field 01314cam a2200337 i 4500
001 - CONTROL NUMBER
control field 2045
003 - CONTROL NUMBER IDENTIFIER
rucl marc code BD-RjUL
005 - DATE AND TIME OF LATEST TRANSACTION
control field 20211208233454.0
008 - FIXED-LENGTH DATA ELEMENTS--GENERAL INFORMATION
fixed length control field 131210r19821975enk b 101 0 eng d
020 ## - INTERNATIONAL STANDARD BOOK NUMBER
International Standard Book Number 0710080492 :
International Standard Book Number 0710080506 (pbk.)
035 ## - SYSTEM CONTROL NUMBER
System control number (BD-RjUL)2072
040 ## - CATALOGING SOURCE
Original cataloging agency DLC
Transcribing agency DLC
Modifying agency DLC
-- BD-RjUL
Language of cataloging eng
041 ## - LANGUAGE CODE
Language code of text/sound track or separate title eng
082 00 - DEWEY DECIMAL CLASSIFICATION NUMBER
Classification number 330.98003
Author mark and year BEY 1982
245 00 - TITLE STATEMENT
Title Beyond the sociology of development :
Remainder of title economy and society in Latin America and Africa /
Statement of responsibility, etc. edited by Ivar Oxaal, Tony Barnett, David Booth.
260 ## - PUBLICATION, DISTRIBUTION, ETC. (IMPRINT)
Place of publication, distribution, etc. London ;
-- Boston :
Name of publisher, distributor, etc. Routledge & Paul,
Date of publication, distribution, etc. 1975 [reprinted 1982].
300 ## - PHYSICAL DESCRIPTION
Pagination 295 p. ;
Size 23 cm.
490 0# - SERIES STATEMENT
Series statement International library of sociology
500 ## - GENERAL NOTE
General note Most of the papers were presented in earlier versions at a weekend conference sponsored by the Dept. of Sociology and Social Anthropology, University of Hull in Nov., 1973.
504 ## - BIBLIOGRAPHY, ETC. NOTE
Bibliography, etc Includes bibliographical references and index.
650 #0 - SUBJECT ADDED ENTRY--TOPICAL TERM
Topical term or geographic name as entry element Economic development
General subdivision Sociological aspects.
9 (RLIN) 6694
651 #0 - SUBJECT ADDED ENTRY--GEOGRAPHIC NAME
Geographic name Latin America
General subdivision Economic conditions
Chronological subdivision 1945-
9 (RLIN) 6695
Geographic name Africa
General subdivision Economic conditions
Chronological subdivision 1960-
9 (RLIN) 6696
700 1# - ADDED ENTRY--PERSONAL NAME
Personal name Oxaal, Ivar.
Personal name Barnett, Tony.
Personal name Booth, David,
Dates associated with a name 1945-
942 ## - ADDED ENTRY ELEMENTS (KOHA)
Source of classification or shelving scheme Dewey Decimal Classification
Koha item type Books
Holdings
Lost status Source of classification or shelving scheme Damaged status Not for loan Collection code Permanent Location Current Location Shelving location Date acquired Source of acquisition Cost, normal purchase price Total Checkouts Full call number Date last seen Copy number Koha item type
  Dewey Decimal Classification     Non-fiction Central Library, University of Rajshahi Central Library, University of Rajshahi   09/07/1988 Maning Br. 22.40   330.98003 BEY 1982 10/12/2013 C-3 Books
  Dewey Decimal Classification     Non-fiction Central Library, University of Rajshahi Central Library, University of Rajshahi   09/07/1988 Monim bro 22.44   330.98003 BEY 1982 01/08/2016 C-2 Books
  Dewey Decimal Classification   Not For Loan Non-fiction Central Library, University of Rajshahi Central Library, University of Rajshahi Reading Room 09/07/1988 Maning Br. 22.40   330.98003 BEY 1982 08/12/2016 C-1 Books